Zahraničnoobchodný obchod EÚ s Argentínou, prekážky vzájomného obchodu

Vývoj obchodných vzťahov EÚ s Argentínou a identifikácia najzávažnejšie bariér vzájomného obchodu. Analýza obchodnej výmeny EÚ s MERCOSUR-om, ktorého členom je aj Argentína, obchodnej výmeny s Latinskou Amerikou, ako aj makroekonomickej situácie v Argentíne a vývoj colných sadzieb Argentíny a EÚ.

Uložené v:
Podrobná bibliografia
Hlavný autor: Zubaľová, Ľubica, 1969-
Médium: Kapitola
Jazyk:Slovak
Predmet:
Tagy: Pridať tag
Žiadne tagy, Buďte prvý, kto otaguje tento záznam!

MARC

LEADER 00000naa a2200000 4500
001 0246344
005 20240502073944.5
041 0 |a slo 
044 |a SK 
245 1 0 |a Zahraničnoobchodný obchod EÚ s Argentínou, prekážky vzájomného obchodu  |c Ľubica Zubaľová 
520 |a Vývoj obchodných vzťahov EÚ s Argentínou a identifikácia najzávažnejšie bariér vzájomného obchodu. Analýza obchodnej výmeny EÚ s MERCOSUR-om, ktorého členom je aj Argentína, obchodnej výmeny s Latinskou Amerikou, ako aj makroekonomickej situácie v Argentíne a vývoj colných sadzieb Argentíny a EÚ. 
610 2 0 |a obchod zahraničný 
610 2 0 |a spolupráca hospodárska medzinárodná 
610 2 0 |a výmena tovarová 
610 2 0 |a sadzby colné 
610 2 0 |a makroekonomika 
610 2 0 |a bariéry obchodu zahraničného 
610 2 0 |a Európska únia 
610 2 0 |a Latinská Amerika 
610 2 0 |a Argentína 
100 1 |a Zubaľová, Ľubica, 1969-